Phân vùng văn hóa xứ Thanh với việc xây dựng nông thôn mới /

সংরক্ষণ করুন:
গ্রন্থ-পঞ্জীর বিবরন
প্রধান লেখক: Ngô Xuân Sao.
বিন্যাস: প্রবন্ধ
ভাষা:Vietnamese
বিষয়গুলি:
ট্যাগগুলো: ট্যাগ যুক্ত করুন
কোনো ট্যাগ নেই, প্রথমজন হিসাবে ট্যাগ করুন!
Thư viện lưu trữ: Thư viện Trường Đại học Đà Lạt
LEADER 00751nam a2200253 4500
001 DLU140160909
005 ##20140317
040 # # |a DLU  |b vie 
041 # # |a vie 
044 # # |a vn 
100 # # |a Ngô Xuân Sao. 
245 # # |a Phân vùng văn hóa xứ Thanh với việc xây dựng nông thôn mới /  |c Ngô Xuân Sao. 
653 # # |a Chiến lược phát triển 
653 # # |a Thanh Hóa 
653 # # |a Vùng văn hóa 
773 # # |t Văn hóa nghệ thuật  |g Số 348, 2013, tr. 35-39 
920 # # |a Phòng Tạp chí -- Trung tâm Thông tin - Thư viện Trường Đại học Đà Lạt 
900 # # |a True 
911 # # |a Hoàng Thị Huyền 
925 # # |a G 
926 # # |a A 
927 # # |a BB 
980 # # |a Thư viện Trường Đại học Đà Lạt